000 00599nam a22001937a 4500
008 180419b xxu||||| |||| 00| 0 eng d
020 _a9798174355699
082 _223
_a297.12285
_bNAI
100 _aNaik, Zakir
245 _aThe Qur'an and the bible : in the light of science :
_ba rejoinder to Dr. William Campbell's comments
260 _aNew Delhi
_bAdam Publishers & Distributors
_c2008
300 _a124p.
_c23cm.
500 _aDonated by Chairman ERDF (06-10-2012)
650 _2Religion
_zReligion
653 _aBible
653 _aQuran
700 _aUganwi, A. R.
942 _2ddc
_cBK
999 _c12217
_d12217